Science Quiz

Random Science or Elements Quiz

Unique Element Endings Quiz Stats

 Plays Quiz Updated Jan 8, 2014

Support Sporcle.
Go Orange.
Score 0/13 Timer 03:00
0 Plays Today
End Element % Correct
-nczinc
93.3%
-ldgold
85.8%
-ltcobalt
78.3%
-icarsenic
77.1%
-intin
72.6%
-elnickel
71.9%
-thbismuth
71.3%
-nyantimony
71.2%
-ursulfur
69.2%
-adlead
67.7%
-rymercury
65.4%
-semanganese
57.6%
-usphosphorus
52.9%

From the Vault

Find the US States

by Matt

Anybody can name the 50 states. The real trick is knowing where they are.
Remove Ads.
Support Sporcle.
Get the best of Sporcle when you Go Orange. This ad-free experience offers more features, more stats, and more fun while also helping to support Sporcle. Thank you for becoming a member.

Show Comments

Extras

Top Quizzes Today


Score Distribution

Your Account Isn't Verified!

In order to create a playlist on Sporcle, you need to verify the email address you used during registration. Go to your Sporcle Settings to finish the process.

Report this User

Report this user for behavior that violates our Community Guidelines.

Details: